| 000 | 01280cam a22002533a 4500 | ||
|---|---|---|---|
| 001 | 5637 | ||
| 003 | PGUSA | ||
| 005 | 20140828083122.0 | ||
| 008 | 040501s2004||||xxu|||||s|||||000 p eng d | ||
| 040 |
_aPGUSA _beng |
||
| 042 | _adc | ||
| 050 | 4 | _aPN | |
| 050 | 4 | _aAC | |
| 100 | 1 |
_aRenan, Ernest, _d1823-1892 |
|
| 245 | 1 | 0 |
_aLiterary and Philosophical Essays : _bFrench, German and Italian _h[electronic resource] / _cErnest Renan |
| 260 |
_bProject Gutenberg, _c2004 |
||
| 505 | 0 | _aThat we should not judge of our happiness until after our death. That to philosophise is to learne how to die. Of the institution and education of children. Of friendship. Of bookes. By Montaigne -- Montaigne. What is a classic? By C. A. Sainte-Beuve -- The poetry of the Celtic races, by E. Renan -- The education of the human race, by G. E. Lessing -- Letters upon the aesthetic education of man, by J. C. F. von Schiller -- Fundamental principles of the metaphysic of morals. Transition from popular moral philosophy to the metaphysic of morals. By I. Kant -- Byron and Goethe, By B. Mazzini | |
| 506 | _aPublic domain in the USA. | ||
| 516 | _aElectronic text | ||
| 653 | _aEssays | ||
| 830 | 0 |
_aProject Gutenberg _v5637 |
|
| 856 | 4 | 0 | _uhttp://www.gutenberg.org/ebooks/5637 |
| 942 | _cEB | ||
| 999 |
_c234965 _d234965 |
||